Maravillas del mundo : (Registro nro. 283)
[ vista simple ]
| 000 -Cabecera | |
|---|---|
| Campo de control interno | 00711nam a2200229Ia 4500 |
| 005 - Fecha y hora del registro | |
| control field | 20251203123024.0 |
| 008 - Elementos de Longitud Fija | |
| fixed length control field | 251203t2014||||xx |||||||||||||| ||spa|| |
| 020 ## - ISBN | |
| ISBN | 9788416127078 |
| 041 ## - Idioma | |
| Codigo Idioma | ESP |
| 082 ## - DEWEY y NOTACIÓN INTERNA | |
| Dewey | 910.91 |
| Notación Interna | B67 |
| 100 ## - AUTOR | |
| Autor denominación | Boccia, Francesco, |
| Títulos y otras palabras asociadas con el nombre | editor |
| 245 #0 - TÍTULO DE MATERIAL BIBLIOGRÁFICO | |
| Título | Maravillas del mundo : |
| Título paralelo | grandes obras de la arquitectura, el diseño y la construcción |
| 246 ## - TÍTULO TRADUCIDO | |
| Título | Meraviglie dell'architettura5 |
| Autor | |
| 260 ## - CIUDAD, EDITORIAL, AÑO | |
| Ciudad | [Barcelona] : |
| Nombre de la Editorial | Luppa Solutions, |
| Año | 2014 |
| 300 ## - DESCRIPCIÓN | |
| N° Páginas | 176 páginas : |
| Otros detalles | ilustraciones ; |
| Dimensiones | 30 cm. |
| Material Adicional | |
| 440 ## - MENCIÓN DE SERIE | |
| Título de la Serie | |
| Número de Serie | |
| Volumen de Serie | |
| 650 ## - TEMAS | |
| Temas | Geografía |
| 653 ## - DESCRIPTORES | |
| Lenguajes no controlado | Descripciones y viajes; Arquitectura; Monumentos históricos |
| 654 ## - PROGRAMAS | |
| Programa | Todos los programas |
| 942 ## - ELEMENTOS DE KOHA | |
| Tipo de documento | Libro |
| Nombre del creador | Justo Noguera |
| Código de catalogador | Margarita Torres |
| Esquema de clasificación | Dewey Decimal Classification |
| Suppress in OPAC | |
| Codigo completo | Registro | Colección | Copia número | Disponibilidad | Tipo de préstamo | Biblioteca Actual | Procedencia (Biblioteca) | Ubicacón | Fecha Ingreso | Tipo de Adquisición | Date last seen | Total checkouts | Price effective from | Tipo de Item | Estado del Material | Fuente de Clasificación | Damaged status | Withdrawn status |
|---|---|---|---|---|---|---|---|---|---|---|---|---|---|---|---|---|---|---|
| 910.91 B67 | 1085162 | Colección Vera Bejar | 1 | Restringido | Víctor Andrés Belaunde | Víctor Andrés Belaunde | Planta baja cerrada | 03/12/2025 | Donación | 03/12/2025 | 03/12/2025 | Libro | Bueno | Dewey Decimal Classification | Withdrawn |




